Movies Set in London - Sudden Death - Statistics

General Stats
  • This quiz has been taken 98 times
  • The average score is 7 of 20
Answers on the Grid
Answers color-coded by a green-red scale on the quiz's grid according to % correct below.
Inception
Ted
28 Weeks Later
A Fish Called Wanda
Nosferatu
Shaun of the Dead
Notting Hill
Trainspotting
The Ipcress File
John Wick
Love Actually
The Bridge on the River Kwai
Lock, Stock and Two Smoking Barrels
The Prestige
The Terminal
Gaslight
Monty Python's Life of Brian
Bridget Jones's Diary
Enemy at the Gates
Captain Phillips
Attack the Block
A Clockwork Orange
Mary Poppins
Wallace & Gromit: Vengeance Most Fowl
V for Vendetta
The Pianist
Tinker Tailor Soldier Spy
Hot Fuzz
True Grit
RocknRolla
Silence of the Lambs
The Shining
10 Rillington Place
Harry Brown
Dr Strangelove
The Elephant Man
Gosford Park
The Day of the Jackal
Sliding Doors
Road House
 
Answer Stats
Answer % Correct
Notting Hill
73%
28 Weeks Later
60%
Bridget Jones's Diary
59%
Love Actually
59%
Mary Poppins
50%
Lock, Stock and Two Smoking Barrels
49%
A Fish Called Wanda
47%
Shaun of the Dead
46%
V for Vendetta
37%
A Clockwork Orange
33%
The Elephant Man
30%
Sliding Doors
27%
Tinker Tailor Soldier Spy
27%
10 Rillington Place
20%
The Ipcress File
20%
The Prestige
19%
Attack the Block
17%
Harry Brown
17%
RocknRolla
16%
Gaslight
14%
No matching quizzes found
Score Distribution
Percent of People with Each Score
Percentile by Number Answered
Your Score History
You have not taken this quiz